|
|
|
|
| LEADER |
00869nam a22002172a 4500 |
| 001 |
000180589 |
| 003 |
CZ BrMZK |
| 005 |
20190621081807.0 |
| 008 |
970107s1955 xo f slo d |
| 040 |
|
|
|a BOA001
|b cze
|
| 100 |
1 |
|
|a Pavlik, Eduard,
|d 1920-2002
|7 jx20100823024
|4 aut
|
| 245 |
1 |
0 |
|a Sprievodca Spišskou Magurou /
|c Eduard Pavlík
|
| 250 |
|
|
|a Vyd. 1.
|
| 260 |
|
|
|a Bratislava :
|b Štátne telovýchovné nakladateľstvo,
|c 1955
|
| 300 |
|
|
|a 51 s.
|
| 910 |
|
|
|a BOA001
|b PK-A-0004.306
|b X-0338.510
|
| 964 |
|
|
|a Spišská Magura - průvodci
|
| 990 |
|
|
|a BK
|
| 996 |
7 |
|
|b 2618994557
|c X-0338.510
|l MZK
|r Sklad / do 24 hodin
|n 0
|w 000180589
|u 000030
|a 1
|e BOA001
|j MZK50
|s A
|
| 996 |
7 |
|
|b 2618994558
|c X-0338.510
|l MZK
|r Sklad / do 24 hodin
|n 0
|w 000180589
|u 000020
|a 1
|e BOA001
|j MZK50
|s A
|
| 996 |
7 |
|
|b 3119945087
|c PK-A-0004.306
|l MZK
|r Sklad / do 1 hodiny
|n 1
|w 000180589
|u 000010
|a 1
|e BOA001
|j MZK50
|s A
|